书目信息 |
| 题名: |
标识环境通用设计
|
|
| 作者: | 田中直人 , 岩田三千子 著 ;王宝刚 , 郭晓明 译 | |
| 分册: | ||
| 出版信息: | 北京 中国建筑工业出版社 2004.03 |
|
| 页数: | 136页 | |
| 开本: | 26cm | |
| 丛书名: | ||
| 单 册: | ||
| 中图分类: | X321 | |
| 科图分类: | ||
| 主题词: | 城市环境--标志--设计 , 城市环境 , 标志 , 设计 | |
| 电子资源: | ||
| ISBN: | 7-112-06073-7 | |
| 000 | 00976nam0 2200313 45 | |
| 001 | 012004000000 | |
| 005 | 20041026112718.49 | |
| 010 | @a7-112-06073-7@dCNY 28.00 | |
| 100 | @a20040910d2004 em y0chiy0121 ea | |
| 101 | 1 | @achi@cjpn |
| 102 | @aCN@b110000 | |
| 105 | @aa z 000yy | |
| 200 | 1 | @a标识环境通用设计@Abiao shi huan jing tong yong she ji@e规划设计的108个视点@f(日)田中直人, 岩田三千子著@g王宝刚, 郭晓明译 |
| 210 | @a北京@c中国建筑工业出版社@d2004.03 | |
| 215 | @a136页@c图@d26cm | |
| 305 | @a本书由日本学艺出版社授权翻译出版 | |
| 320 | @a本书含参考文献 | |
| 517 | 1 | @a规划设计的108个视点 |
| 606 | 0 | @a城市环境@x标志@x设计 |
| 606 | 0 | @a城市环境 |
| 606 | 0 | @a标志 |
| 606 | 0 | @a设计 |
| 690 | @aX321@v4 | |
| 701 | 0 | @a田中直人@Atian zhong zhi ren@4著 |
| 701 | 0 | @a岩田三千子@Ayan tian san qian zi@4著 |
| 702 | 0 | @a王宝刚@Awang bao gang@4译 |
| 702 | 0 | @a郭晓明@Aguo xiao ming@4译 |
| 801 | 0 | @aCN@bQSSKt@c20041026 |
| 905 | @a10447@dX321@eT690 | |
| 标识环境通用设计:规划设计的108个视点/(日)田中直人, 岩田三千子著/王宝刚, 郭晓明译.-北京:中国建筑工业出版社,2004.03 |
| 136页:图;26cm |
| ISBN 7-112-06073-7:CNY 28.00 |
| ● |
| 相关链接 |
|
|
|
正题名:标识环境通用设计
索取号:X321/T690
 
预约/预借
| 序号 | 登录号 | 条形码 | 馆藏地/架位号 | 状态 | 备注 |
| 1 | 422756 | 204227568 | 自科库501/501自科库 95排1列1层/ [索取号:X321/T690] | 在馆 | |
| 2 | 422757 | 204227577 | 自科库501/501自科库 95排1列1层/ [索取号:X321/T690] | 在馆 |